000 00515nam a2200181Ia 4500
001 19937
005 20260306172729.0
008 260306t2023||||xx |||||||||||||| ||spa||
041 _aESP
082 _a341.4IA
_bA174
100 _aAshley, Kevin D.,
_eAUT
245 0 _aInteligencia artificial y analítica jurídica :
_bnuevas herramientas para la práctica del derecho en la era digital
260 _c2023
300 _a618 páginas :
_c24 cm.
650 _aGEN
654 _aCDE
942 _cLIB
_dJUS
_fJUS
_2ddc
_n
999 _c19937
_d19937